Słowa kończące się na -logia - Statystyki

Ogólne statystyki
  • Ten quiz został rozwiązany 3 874 razy
  • Średni wynik to 9 z 23
Statystyki odpowiedzi
Nauka o... Nazwa % Poprawnych
życiu {Bio}logia
72%
Ziemi {Geo}logia
67%
horoskopach {Astro}logia
60%
zwierzętach {Zoo}logia
58%
religii {Teo}logia
54%
środowisku {Eko}logia
48%
kosmosie {Kosmo}logia
48%
funkcjonowaniu społeczeństwa {Socjo}logia
46%
wodzie {Hydro}logia
45%
umyśle {Psycho}logia
44%
ptakach {Ornito}logia
42%
pogodzie {Meteoro}logia
41%
historii rodzinnej {Genea}logia
38%
przeszłej kutlurze {Archeo}logia
35%
ludziach {Antropo}logia
30%
dinozaurach i skamielinach {Paleonto}logia
28%
trzęsieniach ziemi {Sejsmo}logia
28%
pochodzeniu słów {Etymo}logia
27%
pielęgnacji skóry i włosów {Kosmeto}logia
26%
Chinach {Sino}logia
26%
koktajlach {Mikso}logia
15%
grzybach {Myko}logia
13%
odchodach ludzkich {Skato}logia
3%
Nie znaleziono quizów pasujących do podanych kryteriów
Rozkład punktacji
Procent ludzi z każdym wynikiem
Percentyl według liczby udzielonych odpowiedzi
Twoja historia wyników
Nie rozwiązałeś tego quizu